000 00555nam a2200181 a 4500
020 _a0674779
082 0 0 _a297.2465
_bKHA
100 _aKhalidi, Tarif
245 _aMuslim Jesus:Saying and Stories in Islamic Literature
260 _aCambridge
_bHarvard University Press
_c2001
300 _a245p
500 _aincludes index and biblioraphy
505 2 _aNotes, Bibliography of Arabic Sources, Index
650 _aJesus Christ-Islamic Interpretation
650 _aChristianity and Other Religions
700 1 _aKhalidi, Tarif
942 _cBK
999 _c17114
_d17114